The Oxford English reference dictionary

Αποθηκεύτηκε σε:
Λεπτομέρειες βιβλιογραφικής εγγραφής
Άλλοι συγγραφείς: Pearsall, Judy (Επιμελητής έκδοσης), Trumble, Bill (Επιμελητής έκδοσης)
Μορφή: Βιβλίο
Γλώσσα:English
Δημοσίευση: Oxford : Oxford University Press, 1996
Έκδοση:2nd ed.
Θέματα:
Ετικέτες: Προσθήκη ετικέτας
Δεν υπάρχουν, Καταχωρήστε ετικέτα πρώτοι!

MARC

LEADER 00000nam a2200000 i 4500
001 1/69297
008 990209s1996 eng d
020 |a 0-19-860046-1 
035 |l 10047800 
040 |a GR-MY-UA  |b gre  |e aacr 
041 0 |a eng 
082 0 |a 423 
245 1 4 |a The Oxford English reference dictionary /  |c edited by Judy Pearsall and Bill Trumble 
250 |a 2nd ed. 
260 |a Oxford :   |b Oxford University Press,   |c 1996 
300 |a xx, 1765, 16 σ.;  |b εικ., έγχρ. χάρτες;  |c 27 εκ. 
500 |a Το Παράρτημα της Λήμνου διαθέτει την 2η αναθεωρημένη έκδοση [ανατύπωση], 2002 
650 0 0 |a English language  |x Dictionaries. 
650 0 0 |a English language  |x Etymology  |x Dictionaries. 
700 1 |a Pearsall, Judy.  |4 edt 
700 1 |a Trumble, Bill.  |4 edt 
852 |a INST  |b LEMNOS  |e 20090708  |h 423 OXF  |p 005600000157  |q 005600000157  |t REF  |y 23 
852 |a INST  |b LESVOS  |e 19990209  |h 423 OXF  |p 005100019582  |q 005100019582  |t REF  |y 23 
901 |a BIBL1-1999-3 
901 |a BIBL6-2009-2 
909 |a Λ  |b 061721 
909 |a Μ  |b 145231 
922 |a 1ΕΛΗ  |b 199812  |c ΚΠΣ/ΚΥΒ  |d LEADER 
922 |a 6ΕΛΗ  |b 200801  |c ΕΠΕΑΕΚ2/ΚΥΒ  |d ΕΛΕΥΘΕΡΟΥΔΑΚΗΣ 
950 |a 023-1998-09-14 
970 |z 1999/09/08  |a ΤΖΑΦΕΡΗ  |b ΕΥΑΓΓΕΛΙΑ